[Event "Minsk op"]
[Site "Minsk"]
[Date "2022.08.03"]
[Round "1"]
[White "Aleksandrov, Aleksej"]
[Black "Kuleba, Ivan"]
[Result "1-0"]
[WhiteElo "2522"]
[BlackElo "1552"]
[PlyCount "33"]
[EventDate "2022.08.03"]
[EventType "swiss"]
[EventRounds "9"]
[EventCountry "BLR"]
[SourceTitle "CBM 209 Extra"]
[Source "ChessBase"]
[SourceDate "2022.09.30"]
[SourceVersion "1"]
[SourceVersionDate "2022.09.30"]
[SourceQuality "1"]

1. d4 d5 2. c4 c6 3. Nc3 dxc4 4. e3 b5 5. a4 a6 6. axb5 cxb5 7. Nxb5 axb5 8. Rxa8 Bb7 9. Ra1 e5 10. Nf3 f6 11. Be2 e4 12. Nd2 Qd5 13. 0-0 f5 14. Nb1 Nf6 15. b3 cxb3 16. Nc3 Qf7 17. Bxb5+ 1-0

[Event "BLR-ch 1st League"]
[Site "Minsk"]
[Date "2021.12.09"]
[Round "1"]
[White "Lutsko, Igor"]
[Black "Kuleba, Ivan"]
[Result "1-0"]
[WhiteElo "2305"]
[BlackElo "1644"]
[PlyCount "95"]
[EventDate "2021.12.09"]
[EventType "swiss"]
[EventRounds "9"]
[EventCountry "BLR"]
[SourceTitle "EXT 2023"]
[Source "ChessBase"]
[SourceDate "2022.10.05"]
[SourceVersion "1"]
[SourceVersionDate "2022.10.05"]
[SourceQuality "1"]

1. c4 c5 2. Nf3 Nf6 3. g3 g6 4. Bg2 Bg7 5. d4 cxd4 6. Nxd4 h5 7. h3 0-0 8. Nc3 Nc6 9. Nc2 d6 10. 0-0 Be6 11. Nd5 Qd7 12. Kh2 Rac8 13. Nce3 Na5 14. Qd3 b5 15. cxb5 Nxd5 16. Nxd5 Bxd5 17. Bxd5 Rc5 18. b4 Rxb5 19. Rb1 e6 20. Bxe6 fxe6 21. bxa5 Rxa5 22. Qxg6 Qf7 23. Qxf7+ Rxf7 24. a3 Bd4 25. Kg2 Bc5 26. Rb3 Ra4 27. f4 Kh7 28. Rd1 Kg6 29. Kf3 Ra5 30. Rdd3 Ra4 31. e4 Rc4 32. Be3 Rc7 33. Bxc5 dxc5 34. Rbc3 Ra4 35. Rd6 Kf7 36. f5 exf5 37. exf5 Kg7 38. Rd5 Kf6 39. Re3 Kf7 40. Rd6 Kg7 41. g4 hxg4+ 42. hxg4 Kf7 43. Rh6 Kf8 44. f6 Rc6 45. g5 Rb6 46. Re7 Rb3+ 47. Ke2 Rb2+ 48. Kd1 1-0

[Event "BLR-ch U18"]
[Site "Minsk"]
[Date "2020.02.11"]
[Round "5"]
[White "Kuleba, Ivan"]
[Black "Strybuk, Artsiom I"]
[Result "0-1"]
[WhiteElo "1690"]
[BlackElo "2198"]
[PlyCount "146"]
[EventDate "2020.02.07"]
[EventType "swiss"]
[EventRounds "9"]
[EventCountry "BLR"]
[SourceTitle "CBM 195 Extra"]
[Source "ChessBase"]
[SourceDate "2020.05.31"]
[SourceVersion "1"]
[SourceVersionDate "2020.05.31"]
[SourceQuality "1"]

1. c4 Nf6 2. Nc3 e5 3. Nf3 Nc6 4. e4 Bc5 5. Nxe5 Nxe5 6. d4 Bb4 7. dxe5 Nxe4 8. Qd4 Nxc3 9. bxc3 Be7 10. Qg4 g6 11. Bh6 d6 12. Qe4 Qd7 13. exd6 Qxd6 14. Be2 Bd7 15. 0-0 Bc6 16. Qe3 0-0-0 17. Bg7 Rhe8 18. Rfd1 Qc5 19. Bd4 Qg5 20. Qxg5 Bxg5 21. Bf1 Ba4 22. Re1 a6 23. Rab1 Rxe1 24. Rxe1 Re8 25. Rxe8+ Bxe8 26. g3 f5 27. f4 Be7 28. Kf2 Bf7 29. Ke3 Kd7 30. Kd2 c6 31. Kc2 b5 32. cxb5 cxb5 33. c4 bxc4 34. Kc3 Kc6 35. Bxc4 Bxc4 36. Kxc4 Bd8 37. a4 Ba5 38. Bf2 h6 39. Bd4 h5 40. Bf2 Bd2 41. Kd4 Kd6 42. Kc4 h4 43. Kd3 Ba5 44. Kc4 h3 45. Bc5+ Kc6 46. Bf2 Bc7 47. Bg1 Bd8 48. Be3 Be7 49. Bg1 g5 50. fxg5 Bxg5 51. Bf2 Bf6 52. Be3 Be5 53. Bf2 f4 54. gxf4 Bxf4 55. Bg1 Bc7 56. Kd3 Kd5 57. Ke2 Ke4 58. Kf2 Bd6 59. Ke2 Be5 60. Kf2 Bc7 61. Ke2 a5 62. Kf2 Bb6+ 63. Kf1 Bxg1 64. Kxg1 Kd3 65. Kf2 Kc4 66. Kg3 Kb4 67. Kxh3 Kxa4 68. Kg4 Kb3 69. h4 a4 70. h5 a3 71. Kg5 a2 72. h6 a1Q 73. Kg6 Qh8 0-1

[Event "Orsha op"]
[Site "Orsha"]
[Date "2019.01.24"]
[Round "9"]
[White "Zeliantsova, Kseniya"]
[Black "Kuleba, Ivan"]
[Result "1-0"]
[WhiteElo "1858"]
[BlackElo "1617"]
[PlyCount "51"]
[EventDate "2019.01.18"]
[EventType "swiss"]
[EventRounds "9"]
[EventCountry "BLR"]
[SourceTitle "CBM 188 Extra"]
[Source "ChessBase"]
[SourceDate "2019.02.26"]
[SourceVersion "1"]
[SourceVersionDate "2019.02.26"]
[SourceQuality "1"]

1. e4 Nf6 2. e5 Nd5 3. d4 d6 4. c4 Nb6 5. exd6 exd6 6. Nc3 Be7 7. Nf3 Bg4 8. h3 Bh5 9. Be2 Nc6 10. b3 0-0 11. 0-0 Bf6 12. Be3 Qd7 13. Ne4 Qf5 14. Ng3 Qa5 15. Bd2 Qa3 16. Nxh5 Bxd4 17. Nxd4 Nxd4 18. Bc3 Ne6 19. Bg4 f5 20. Bf3 c6 21. Re1 Rae8 22. Qd2 Nc8 23. Bb4 Qa6 24. Bxd6 Rf7 25. c5 b5 26. Re5 1-0

[Event "Orsha op"]
[Site "Orsha"]
[Date "2019.01.18"]
[Round "2"]
[White "Kuleba, Ivan"]
[Black "Vashchilov, Sergey"]
[Result "0-1"]
[WhiteElo "1617"]
[BlackElo "2134"]
[PlyCount "90"]
[EventDate "2019.01.18"]
[EventType "swiss"]
[EventRounds "9"]
[EventCountry "BLR"]
[SourceTitle "CBM 188 Extra"]
[Source "ChessBase"]
[SourceDate "2019.02.26"]
[SourceVersion "1"]
[SourceVersionDate "2019.02.26"]
[SourceQuality "1"]

1. c4 e6 2. Nf3 d5 3. e3 Nf6 4. Nc3 c6 5. b3 Nbd7 6. Bb2 Bd6 7. Qc2 0-0 8. Rg1 a6 9. g4 Nc5 10. d4 Ncd7 11. Bd3 g6 12. Ne2 Qe7 13. Ne5 Ne8 14. g5 Bb4+ 15. Bc3 Nxe5 16. dxe5 b5 17. Qd2 Bxc3 18. Qxc3 bxc4 19. bxc4 c5 20. f4 Bb7 21. Kf2 Ng7 22. Rg4 Rfd8 23. Rag1 Qd7 24. R1g3 dxc4 25. Bxc4 Be4 26. Rg1 Qb7 27. h4 Rd7 28. Rc1 Rad8 29. Rgg1 Nf5 30. Qb3 Qc6 31. Rgd1 Bg2 32. Ng1 Bh1 33. Bf1 Nxh4 34. Rxd7 Rxd7 35. Rd1 Bd5 36. Qa3 Kg7 37. Rc1 Bg2 38. Qxc5 Rd2+ 39. Be2 Qb7 40. Rd1 Rxd1 41. Bxd1 Bh1 42. Ke1 Qg2 43. Qe7 Qxg1+ 44. Kd2 Qxe3+ 45. Kc2 Qxf4 0-1

[Event "St Petersburg Summer op"]
[Site "St Petersburg"]
[Date "2017.08.22"]
[Round "7"]
[White "Kolchin, Maxim"]
[Black "Kuleba, Ivan"]
[Result "1-0"]
[WhiteElo "1728"]
[BlackElo "1589"]
[PlyCount "73"]
[EventDate "2017.08.16"]
[EventType "swiss"]
[EventRounds "9"]
[EventCountry "RUS"]
[SourceTitle "CBM 180 Extra"]
[Source "ChessBase"]
[SourceDate "2017.10.06"]
[SourceVersion "1"]
[SourceVersionDate "2017.10.06"]
[SourceQuality "1"]

1. e4 c5 2. Nf3 Nc6 3. d4 cxd4 4. Nxd4 g6 5. c4 Bg7 6. Be3 Nf6 7. Nc3 d6 8. Be2 Bd7 9. 0-0 0-0 10. Qd2 Nxd4 11. Bxd4 Bc6 12. f3 a5 13. b3 Nd7 14. Be3 Nc5 15. Rab1 e6 16. Rfd1 Be5 17. g3 Qe7 18. Nb5 Rfd8 19. Bg5 f6 20. Be3 Bxb5 21. cxb5 d5 22. exd5 exd5 23. Bf2 b6 24. Rbc1 Kh8 25. Qc2 Rac8 26. f4 Bc7 27. Bg4 f5 28. Bf3 Ne4 29. Bd4+ Kg8 30. Qc6 Rd6 31. Qb7 Qd8 32. Be5 Rd7 33. Qc6 Kf7 34. Bg2 Bxe5 35. Qxc8 Qxc8 36. Rxc8 d4 37. fxe5 1-0

[Event "St Petersburg Summer op"]
[Site "St Petersburg"]
[Date "2017.08.18"]
[Round "3"]
[White "Andrijashkin, Deniss"]
[Black "Kuleba, Ivan"]
[Result "1-0"]
[WhiteElo "1881"]
[BlackElo "1589"]
[PlyCount "139"]
[EventDate "2017.08.16"]
[EventType "swiss"]
[EventRounds "9"]
[EventCountry "RUS"]
[SourceTitle "CBM 180 Extra"]
[Source "ChessBase"]
[SourceDate "2017.10.06"]
[SourceVersion "1"]
[SourceVersionDate "2017.10.06"]
[SourceQuality "1"]

1. e4 c5 2. Nf3 Nc6 3. d4 cxd4 4. Nxd4 g6 5. c4 Bg7 6. Be3 Nf6 7. Nc3 d6 8. Be2 Bd7 9. 0-0 0-0 10. Qd2 Nxd4 11. Bxd4 Bc6 12. f3 a5 13. b3 Nd7 14. Be3 Nc5 15. Rab1 Be5 16. Rfd1 e6 17. Rbc1 Qh4 18. g3 Bxg3 19. hxg3 Qxg3+ 20. Kf1 Qh3+ 21. Kf2 Qh2+ 22. Ke1 Qh1+ 23. Bf1 Qxf3 24. Bg2 Qg3+ 25. Qf2 Qxf2+ 26. Bxf2 Rfd8 27. Bxc5 dxc5 28. Rxd8+ Rxd8 29. Rd1 Rd4 30. Rxd4 cxd4 31. Nb5 e5 32. Nc7 Kg7 33. a3 Bd7 34. Nd5 g5 35. b4 axb4 36. axb4 h5 37. Nb6 Be8 38. Nc8 Bd7 39. Nb6 Be8 40. c5 g4 41. Nc8 h4 42. Nd6 Kf8 43. b5 h3 44. Bf1 h2 45. Bg2 Ke7 46. b6 Bc6 47. Kf2 f6 48. Kg3 d3 49. Kf2 g3+ 50. Ke3 Bd7 51. Nf5+ Kd8 52. Nxg3 Bb5 53. Bf1 d2 54. Be2 Bc6 55. Bf3 f5 56. Kxd2 f4 57. Nf5 Be8 58. Nd6 Bc6 59. Ke2 Kd7 60. Kf2 Ba4 61. Nxb7 Bd1 62. Bh1 f3 63. Na5 Be2 64. Nb3 Kc6 65. Na5+ Kd7 66. Kg3 Kc8 67. c6 Kb8 68. c7+ Kc8 69. Nc6 Kb7 70. Ne7 1-0